Loading...
Rasayan ki kahani /
| Main Author: | |
|---|---|
| Format: | Printed Book |
| Language: | Hindi |
| Published: |
Rajpal and Sons ,
1954.
|
| LEADER | 00457nam a2200145Ia 4500 | ||
|---|---|---|---|
| 008 | 150624b xxu||||| |||| 00| | hin d | ||
| 082 | |a 540 | ||
| 100 | |a Rameschandr Varma | ||
| 245 | |c Rameschandr Varma |a Rasayan ki kahani / | ||
| 260 | |b Rajpal and Sons , |c 1954. | ||
| 300 | |a 132 p. | ||
| 546 | |a In Hindi. | ||
| 942 | |c BK | ||
| 999 | |c 87425 |d 87425 | ||
| 952 | |0 0 |1 0 |2 ddc |4 0 |6 540_000000000000000_VER_R_H |7 0 |9 87369 |a UL |b UL |c ST2 |d 1998-09-15 |l 0 |o 540 VER/R H |p 4568 |r 2012-10-27 |y BK | ||